Datum a čas kvízu
40
Celkem bodů
Celkový počet nahraných bodů na tomto kvízu bez doplňovacích otázek.
3.
Pořadí na kvízu
Konečné umístění týmu na tomto kvízu.
Zaznamenané odpovědi
| # | Otázka | Odpověď | Body | Výsledky |
|---|---|---|---|---|
| 1. | Předseda Nejvyššího soudu přij... | Pavel Šámal | 1 | |
| 2. | Jediná letadlová loď ruského n... | Kuzněcov | 1 | |
| 3. | Jak se jmenuje osobnost, která... | Veronika Khek Kubařová | 1 | |
| 4. | Skupina Kofola ve středu oznám... | Korunní, Ondrášovka | 0 | |
| 5. | Světová antidopingová agentura... | o vyřazení ruských sportovců ze všech velkých soutěží (na 4 roky) | 1 | |
| 6. | Podíváme se na hlášky z různýc... | přilepšit si | 1 | |
| 7. | "Dám vám hádanku a když ji uhá... | kamizola | 1 | |
| 8. | Ty knedlíky připomínají vajíčk... | karety obrovské | 0 | |
| 9. | „Prase počká. Ty jsi přednější... | Pandrholo | 1 | |
| 10. | "Žvejka to je hrozný hnus, žve... | Willy Wonka | 0 |